[Event "AbuDhabiMaster"]
[Site "AbuDhabi"]
[Date "2005.??.??"]
[Round "7"]
[White "Iuldachev, Saidali"]
[Black "Sale, Srdjan"]
[Result "1-0"]
[WhiteElo "2541"]
[BlackElo "2437"]
[PlyCount "93"]
[EventDate "2005.??.??"]
[WhiteTeam "Uzbekistan"]
[BlackTeam "Croatia"]
[WhiteTeamCountry "UZB"]
[BlackTeamCountry "CRO"]

1. e4 c5 2. Nc3 e6 3. Nf3 a6 4. d4 cxd4 5. Nxd4 Qc7 6. Be3 Nf6 7. f3 Bb4 8.
Nde2 d5 9. e5 Nfd7 10. f4 Nc6 11. a3 Ba5 12. Nd4 Bxc3+ 13. bxc3 Ne7 14. Bd2 Nc5
15. Bd3 Bd7 16. O-O Ne4 17. Bxe4 dxe4 18. Qe2 Bc6 19. c4 Rd8 20. Qf2 O-O 21.
Bb4 Rfe8 22. Rad1 Nf5 23. Nxf5 exf5 24. Bd6 Qa5 25. Qe3 Rc8 26. c5 Re6 27. g4
fxg4 28. f5 Rh6 29. e6 fxe6 30. fxe6 Rxe6 31. Qb3 Bd7 32. Qxb7 Rxd6 33. cxd6
Qc5+ 34. Rf2 e3 35. Qb3+ Kh8 36. Re2 g3 37. hxg3 Qh5 38. Rde1 Bc6 39. Rh2 Qg6
40. Rxe3 Qxd6 41. Qd3 Qxd3 42. Rxd3 Kg8 43. Rc3 h6 44. Rd2 Kf7 45. Rd6 Bb7 46.
Rxc8 Bxc8 47. Kf2 1-0

[Event "AbuDhabiMaster"]
[Site "AbuDhabi"]
[Date "2005.??.??"]
[Round "7"]
[White "Mamedjarova, Zeinab"]
[Black "Kurnosov, Igor"]
[Result "1-0"]
[WhiteElo "2262"]
[BlackElo "2549"]
[PlyCount "117"]
[EventDate "2005.??.??"]
[WhiteTeam "Azerbaijan"]
[BlackTeam "Russia"]
[WhiteTeamCountry "AZE"]
[BlackTeamCountry "RUS"]

1. d4 Nf6 2. c4 g6 3. Nf3 Bg7 4. g3 c5 5. Bg2 O-O 6. O-O Nc6 7. d5 Na5 8. Qa4
d6 9. Bd2 b6 10. Bc3 Bd7 11. Qc2 Bf5 12. Qc1 a6 13. b3 Rb8 14. Re1 b5 15. Nbd2
Bh6 16. Nh4 Bd7 17. e4 e5 18. dxe6 Bxe6 19. f4 Bg7 20. f5 Bd7 21. e5 dxe5 22.
Bxe5 Nc6 23. Bxb8 Qxb8 24. cxb5 Nb4 25. fxg6 hxg6 26. bxa6 Nd3 27. Qc2 c4 28.
bxc4 Ng4 29. Nb3 Ba4 30. Qxd3 Bxb3 31. c5 Qb4 32. Rac1 Bd4+ 33. Kf1 Nxh2+ 34.
Ke2 Re8+ 35. Be4 Ba4 36. Rb1 Rxe4+ 37. Qxe4 Qc4+ 38. Qd3 Qxa2+ 39. Qd2 Qc4+ 40.
Qd3 Qa2+ 41. Qd2 Qe6+ 42. Kd3 Qd5 43. Rb8+ Kh7 44. Qg2 Qxc5 45. Qxh2 Qc3+ 46.
Ke4 Bc6+ 47. Kf4 Be3+ 48. Kg4 Qd4+ 49. Kh3 Bd7+ 50. Kg2 Qd2+ 51. Kf3 Bc6+ 52.
Kg4 Qd4+ 53. Kh3 Bd7+ 54. Nf5 Bxf5+ 55. Kg2+ Bh6 56. Rbe8 Bg4 57. a7 Qd5+ 58.
Kg1 Bf3 59. Rh8+ 1-0

[Event "AbuDhabiMaster"]
[Site "AbuDhabi"]
[Date "2005.??.??"]
[Round "7.17"]
[White "Ulibin, Mikhail"]
[Black "Akshat, Kamparia"]
[Result "1-0"]
[WhiteElo "2529"]
[BlackElo "2296"]
[PlyCount "57"]
[EventDate "2005.??.??"]
[WhiteTeam "India"]
[BlackTeam "India"]
[WhiteTeamCountry "IND"]
[BlackTeamCountry "IND"]

1. e4 c5 2. Nf3 d6 3. Bb5+ Nd7 4. d4 Ngf6 5. Nc3 a6 6. Bxd7+ Nxd7 7. O-O e6 8.
dxc5 Nxc5 9. Bg5 Qb6 10. Rb1 h6 11. Bh4 Bd7 12. Re1 g5 13. Qd4 Rg8 14. Bg3
O-O-O 15. Nd2 e5 16. Nc4 Qc6 17. Nxe5 dxe5 18. Qxe5 Bg4 19. Qb8+ Kd7 20. Rbd1+
Bxd1 21. Rxd1+ Bd6 22. Rxd6+ Ke7 23. Rxc6 Rxb8 24. Nd5+ Kf8 25. Bd6+ Kg7 26.
Be5+ f6 27. Bxf6+ Kg6 28. Rxc5 Rge8 29. f3 1-0

[Event "AbuDhabiMaster"]
[Site "AbuDhabi"]
[Date "2005.??.??"]
[Round "7.18"]
[White "Mamedjarova, Turkan"]
[Black "Moradiabadi, Elshan"]
[Result "0-1"]
[WhiteElo "2208"]
[BlackElo "2485"]
[PlyCount "106"]
[EventDate "2005.??.??"]
[WhiteTeam "India"]
[BlackTeam "India"]
[WhiteTeamCountry "IND"]
[BlackTeamCountry "IND"]

1. d4 Nf6 2. Nf3 d6 3. e3 g6 4. b3 Bg7 5. Bb2 O-O 6. Bd3 Nc6 7. O-O e5 8. Be2
e4 9. Nfd2 Bf5 10. a3 h5 11. c4 Re8 12. Nc3 a5 13. Re1 Nh7 14. Nf1 h4 15. Bg4
Ne7 16. Bxf5 Nxf5 17. h3 c6 18. b4 Nf6 19. b5 g5 20. Nh2 Nh6 21. f3 Qd7 22. Rb1
d5 23. bxc6 bxc6 24. cxd5 cxd5 25. Qa4 Qe6 26. fxe4 Nxe4 27. Nxe4 Qxe4 28. Qd1
Rab8 29. Nf1 Rec8 30. Rc1 Rxc1 31. Bxc1 Nf5 32. Qe2 Re8 33. Qh5 Bf6 34. Nd2 Qc2
35. Nf3 Ng3 36. Qg4 Ne2+ 37. Rxe2 Qxe2 38. Bd2 Qd3 39. Qd7 Rd8 40. Qc7 Qb1+ 41.
Kf2 Qf5 42. Qxa5 g4 43. hxg4 Qxg4 44. Qc7 Rc8 45. Qd6 Qf5 46. a4 Rc2 47. Ke2
Qg4 48. Kd3 Qf5+ 49. Ke2 Ra2 50. Qb8+ Kg7 51. Qb3 Qg4 52. Kd3 Qe4+ 53. Ke2 Ra1
0-1

[Event "AbuDhabiMaster"]
[Site "AbuDhabi"]
[Date "2005.??.??"]
[Round "7.21"]
[White "Tania, Sachdev"]
[Black "Safarli, Eltaj"]
[Result "1/2-1/2"]
[WhiteElo "2343"]
[BlackElo "2335"]
[PlyCount "79"]
[EventDate "2005.??.??"]
[WhiteTeam "India"]
[BlackTeam "India"]
[WhiteTeamCountry "IND"]
[BlackTeamCountry "IND"]

1. d4 Nf6 2. c4 e6 3. Nf3 b6 4. g3 Ba6 5. b3 Bb7 6. Bg2 Bb4+ 7. Bd2 a5 8. O-O
O-O 9. Bc3 d5 10. Ne5 Qc8 11. Bb2 dxc4 12. bxc4 Bxg2 13. Kxg2 Qb7+ 14. f3 Rd8
15. Qc1 Nbd7 16. Nd3 Bf8 17. Nc3 c5 18. dxc5 Nxc5 19. Nf2 Rac8 20. Nb5 Be7 21.
Be5 Rd7 22. Rd1 Rcd8 23. Qc2 h5 24. h3 Qc6 25. Nd4 Qb7 26. Rab1 Ne8 27. Nb5 Bg5
28. Rxd7 Rxd7 29. Rd1 Qc6 30. Nd4 Qc8 31. f4 Bf6 32. Nf3 Rxd1 33. Qxd1 Nd7 34.
Bxf6 Nexf6 35. Qd4 Qc5 36. e4 Qxd4 37. Nxd4 e5 38. Nc6 exf4 39. gxf4 Nc5 40.
Kf3 1/2-1/2

[Event "AbuDhabiMaster"]
[Site "AbuDhabi"]
[Date "2005.??.??"]
[Round "7.23"]
[White "Ghader Pour, Shayesteh"]
[Black "Karavade, Eesha"]
[Result "0-1"]
[WhiteElo "2109"]
[BlackElo "2370"]
[PlyCount "95"]
[EventDate "2005.??.??"]
[WhiteTeam "India"]
[BlackTeam "India"]
[WhiteTeamCountry "IND"]
[BlackTeamCountry "IND"]

1. e4 c5 2. c3 d6 3. d4 Nf6 4. Bd3 g6 5. h3 Bg7 6. Nf3 O-O 7. O-O Nc6 8. d5 Na5
9. Nbd2 b6 10. b4 Nb7 11. Rb1 e5 12. Qe2 Ne8 13. Nb3 Qc7 14. Be3 Kh8 15. bxc5
dxc5 16. c4 Ned6 17. Nfd2 f5 18. f3 Bd7 19. Nc1 a6 20. Ncb3 f4 21. Bf2 g5 22.
Rfc1 h5 23. Rb2 Rf6 24. Kf1 Rg6 25. Ke1 Bf6 26. Kd1 Kg7 27. Nb1 Rh8 28. Nc3 g4
29. hxg4 hxg4 30. Nd2 Rh2 31. Bg1 Rh1 32. Kc2 Na5 33. a4 Bd8 34. Rbb1 b5 35.
axb5 axb5 36. Nxb5 Bxb5 37. cxb5 c4 38. Kb2 Qb8 39. Bxc4 gxf3 40. gxf3 Naxc4+
41. Nxc4 Qxb5+ 42. Ka2 Qa6+ 43. Kb3 Bb6 44. Qa2 Qxa2+ 45. Kxa2 Nxc4 46. Bxb6
Rxc1 47. Rxc1 Nxb6 48. Rc7+ 0-1

[Event "AbuDhabiMaster"]
[Site "AbuDhabi"]
[Date "2005.??.??"]
[Round "7.24"]
[White "Paridar, Shadi"]
[Black "Amanov, Mesgen"]
[Result "0-1"]
[WhiteElo "2263"]
[BlackElo "2277"]
[PlyCount "82"]
[EventDate "2005.??.??"]
[WhiteTeam "India"]
[BlackTeam "India"]
[WhiteTeamCountry "IND"]
[BlackTeamCountry "IND"]

1. e4 c5 2. c3 Nc6 3. Nf3 d5 4. exd5 Qxd5 5. d4 Bg4 6. Be2 cxd4 7. cxd4 e6 8.
Nc3 Qa5 9. h3 Bh5 10. d5 exd5 11. Nd4 Nxd4 12. Bxh5 Ne6 13. O-O Nf6 14. Re1 g6
15. Bg4 Nxg4 16. Qxg4 Be7 17. Bh6 Rd8 18. Re5 Qb4 19. Qe2 Qc4 20. Qd2 d4 21.
Nb5 Rd5 22. Rxd5 Qxd5 23. Qd3 a6 24. Na3 Qh5 25. Bd2 O-O 26. Nc2 Bf6 27. Ne1
Nc5 28. Qa3 Ne4 29. Bb4 Rc8 30. Qd3 Qd5 31. Rd1 a5 32. Bxa5 Nxf2 33. Kxf2 Qxa5
34. a3 Qb6 35. Rd2 Re8 36. Nf3 Re3 37. Qc4 Rb3 38. Qc1 d3+ 39. Kf1 Rxb2 40.
Rxb2 Bxb2 41. Qd2 Qb3 0-1

[Event "AbuDhabiMaster"]
[Site "AbuDhabi"]
[Date "2005.??.??"]
[Round "7.25"]
[White "Muralidharan, MB."]
[Black "Illijin, Neboisa"]
[Result "1/2-1/2"]
[WhiteElo "2329"]
[BlackElo "2242"]
[PlyCount "134"]
[EventDate "2005.??.??"]
[WhiteTeam "India"]
[BlackTeam "India"]
[WhiteTeamCountry "IND"]
[BlackTeamCountry "IND"]

1. e4 c5 2. Nf3 e6 3. d3 d5 4. Nbd2 Nc6 5. g3 g6 6. Bg2 Bg7 7. O-O Nge7 8. Re1
O-O 9. Qe2 b6 10. e5 a5 11. Nf1 a4 12. a3 Nf5 13. c3 b5 14. Bg5 f6 15. exf6
Bxf6 16. Bxf6 Qxf6 17. Ne3 Ra7 18. Ng4 Qg7 19. Nge5 Nd8 20. Qd2 h6 21. Re2 Rc7
22. Rae1 Kh7 23. h4 Nd6 24. Bh3 N8f7 25. Bg4 Qf6 26. Nxf7 Rcxf7 27. Ne5 Rg7 28.
d4 c4 29. Re3 h5 30. Bd1 Nf7 31. Bc2 Nh6 32. Nf3 Nf7 33. Ne5 Nh6 34. Nf3 Nf7
35. Qe2 Kg8 36. Ne5 Nxe5 37. Rxe5 g5 38. hxg5 Rxg5 39. Rxg5+ Qxg5 40. Qe5 Qh6
41. Re3 Bd7 42. Kg2 Rf7 43. Qb8+ Kg7 44. Qd8 Qf6 45. Qxf6+ Rxf6 46. Re5 Be8 47.
f4 h4 48. gxh4 Rxf4 49. Rxe6 Bf7 50. Rb6 Rxh4 51. Rxb5 Kf6 52. Bxa4 Kf5 53. Rb7
Bh5 54. Bc6 Rg4+ 55. Kh3 Kf4 56. Bxd5 Rg5 57. Bc6 Bg4+ 58. Kh2 Rh5+ 59. Kg1 Rh6
60. Bg2 Kg3 61. Re7 Rb6 62. d5 Rxb2 63. Re3+ Kf4 64. Re1 Rc2 65. Re4+ Kg3 66.
Re3+ Kf4 67. Re7 Rxc3 1/2-1/2

[Event "AbuDhabiMaster"]
[Site "AbuDhabi"]
[Date "2005.??.??"]
[Round "7.26"]
[White "Marwan, Abdulwahab"]
[Black "Jasim, AR Saleh"]
[Result "0-1"]
[WhiteElo "1983"]
[BlackElo "2318"]
[PlyCount "66"]
[EventDate "2005.??.??"]
[WhiteTeam "India"]
[BlackTeam "India"]
[WhiteTeamCountry "IND"]
[BlackTeamCountry "IND"]

1. e4 e6 2. Nf3 d5 3. Nc3 dxe4 4. Nxe4 Nd7 5. d4 Ngf6 6. Bg5 h6 7. Bxf6 Nxf6 8.
Bd3 Nxe4 9. Bxe4 c5 10. c3 cxd4 11. Nxd4 Bc5 12. O-O O-O 13. Nb3 Bd6 14. f4 Qc7
15. Qf3 a5 16. Kh1 a4 17. Nd4 Ra5 18. Bd3 Bd7 19. Qe4 g6 20. Qe3 e5 21. Ne2
exf4 22. Nxf4 Re8 23. Qf2 Bc6 24. h4 Bc5 25. Qg3 Re3 26. Qh2 Bd6 27. Rad1 Rc5
28. Rf2 b5 29. Bb1 a3 30. Kg1 axb2 31. Rdf1 Rexc3 32. Bxg6 fxg6 33. Kh1 Rc1 0-1

[Event "AbuDhabiMaster"]
[Site "AbuDhabi"]
[Date "2005.??.??"]
[Round "7.28"]
[White "Al Tamimi, Hamad"]
[Black "Faisal, Abdulla"]
[Result "1-0"]
[WhiteElo "2244"]
[BlackElo "2175"]
[PlyCount "39"]
[EventDate "2005.??.??"]
[WhiteTeam "India"]
[BlackTeam "India"]
[WhiteTeamCountry "IND"]
[BlackTeamCountry "IND"]

1. e4 c5 2. Nf3 d6 3. Bb5+ Nd7 4. d4 Ngf6 5. Nc3 cxd4 6. Qxd4 e5 7. Qd3 h6 8.
Bc4 Be7 9. O-O O-O 10. Be3 a6 11. a4 Qc7 12. Bd5 Rd8 13. Nd2 Nb6 14. Bxb6 Qxb6
15. Nc4 Qc7 16. a5 Bd7 17. Nb6 Rab8 18. Bb3 Bc6 19. Qc4 Bf8 20. Nbd5 1-0

[Event "AbuDhabiMaster"]
[Site "AbuDhabi"]
[Date "2005.??.??"]
[Round "7.29"]
[White "Al Sulaiti, Ghanem"]
[Black "Coleman, James"]
[Result "1-0"]
[WhiteElo "2076"]
[BlackElo "2206"]
[PlyCount "47"]
[EventDate "2005.??.??"]
[WhiteTeam "India"]
[BlackTeam "India"]
[WhiteTeamCountry "IND"]
[BlackTeamCountry "IND"]

1. e4 e5 2. Nf3 Nc6 3. Bc4 Nf6 4. d3 Be7 5. O-O O-O 6. Bb3 d6 7. c3 h6 8. Nbd2
Nh7 9. Nc4 Ng5 10. Nxg5 Bxg5 11. f4 exf4 12. Bxf4 Bxf4 13. Rxf4 Be6 14. Ne3 Qg5
15. Rf3 Bg4 16. Nxg4 Qxg4 17. Qd2 Ne5 18. Rg3 Qh5 19. Rf1 Kh8 20. Rf5 Qh4 21.
Rh3 Qe7 22. Rxh6+ gxh6 23. Qxh6+ Kg8 24. Rh5 1-0

[Event "AbuDhabiMaster"]
[Site "AbuDhabi"]
[Date "2005.??.??"]
[Round "7.30"]
[White "Ahmed, Ishaq"]
[Black "Nadig, Kruttika"]
[Result "0-1"]
[WhiteElo "2079"]
[BlackElo "2198"]
[PlyCount "48"]
[EventDate "2005.??.??"]
[WhiteTeam "India"]
[BlackTeam "India"]
[WhiteTeamCountry "IND"]
[BlackTeamCountry "IND"]

1. e4 e5 2. Nf3 Nc6 3. Bb5 a6 4. Bxc6 dxc6 5. O-O f6 6. d4 exd4 7. Nxd4 c5 8.
Ne2 Qxd1 9. Rxd1 Bd7 10. Be3 b6 11. Nbc3 Ne7 12. Rd2 Ng6 13. Rad1 O-O-O 14. Nf4
Bd6 15. Ncd5 Nxf4 16. Nxb6+ cxb6 17. Rxd6 Ne2+ 18. Kf1 Nd4 19. c4 Bg4 20. Rxd8+
Rxd8 21. f3 Be6 22. b3 Nc2 23. Rxd8+ Kxd8 24. Bd2 b5 0-1

[Event "AbuDhabiMaster"]
[Site "AbuDhabi"]
[Date "2005.??.??"]
[Round "7.31"]
[White "Salem, AR Saleh"]
[Black "Bogza, Adina"]
[Result "0-1"]
[WhiteElo "2044"]
[BlackElo "2325"]
[PlyCount "82"]
[EventDate "2005.??.??"]
[WhiteTeam "India"]
[BlackTeam "India"]
[WhiteTeamCountry "IND"]
[BlackTeamCountry "IND"]

1. d4 Nf6 2. c4 g6 3. f3 Bg7 4. e4 O-O 5. Nc3 c6 6. Be3 d6 7. Qd2 a6 8. g4 b5
9. O-O-O bxc4 10. h4 d5 11. e5 Ne8 12. Bh6 f6 13. h5 g5 14. Bxg5 fxg5 15. h6
Bf6 16. exf6 exf6 17. Be2 Nd6 18. f4 Nf7 19. Nh3 a5 20. Rdf1 Qe7 21. Bd1 Na6
22. fxg5 fxg5 23. Nf2 Nb4 24. a3 Nd3+ 25. Nxd3 cxd3 26. Qxd3 Ba6 27. Qd2 Bxf1
28. Rxf1 Nd6 29. Re1 Qf6 30. Re5 Nf7 31. Rf5 Qxh6 32. Bc2 Rae8 33. Rf2 Qe6 34.
Nd1 Qxg4 35. Rg2 Qh4 36. Nf2 Kh8 37. Qd3 Nd6 38. Rg4 Qh6 39. Nh3 Ne4 40. Kb1
Qh5 41. Rg2 Rf3 0-1

[Event "AbuDhabiMaster"]
[Site "AbuDhabi"]
[Date "2005.??.??"]
[Round "7.33"]
[White "Mansour, Abbas Khoori"]
[Black "Khouri, Ibraheem Mohamed"]
[Result "1/2-1/2"]
[WhiteElo "2018"]
[BlackElo "2062"]
[PlyCount "20"]
[EventDate "2005.??.??"]
[WhiteTeam "India"]
[BlackTeam "India"]
[WhiteTeamCountry "IND"]
[BlackTeamCountry "IND"]

1. e4 e5 2. Nf3 Nf6 3. Nc3 Nc6 4. Bc4 Bc5 5. d3 h6 6. Be3 d6 7. O-O Bg4 8. h3
Bh5 9. a3 O-O 10. b4 Bd4 1/2-1/2

[Event "AbuDhabiMaster"]
[Site "AbuDhabi"]
[Date "2005.??.??"]
[Round "8"]
[White "Kobalija, Mihail"]
[Black "Iuldachev, Saidali"]
[Result "1/2-1/2"]
[WhiteElo "2614"]
[BlackElo "2541"]
[PlyCount "75"]
[EventDate "2005.??.??"]
[WhiteTeam "Russia"]
[BlackTeam "Uzbekistan"]
[WhiteTeamCountry "RUS"]
[BlackTeamCountry "UZB"]

1. e4 e5 2. Nf3 Nc6 3. Bc4 Nf6 4. d3 Bc5 5. c3 a6 6. Bb3 Ba7 7. h3 h6 8. Nbd2
O-O 9. Nf1 d5 10. Qe2 Re8 11. Ng3 Be6 12. Nh2 dxe4 13. dxe4 Nd7 14. Bc2 Ne7 15.
Ng4 Ng6 16. O-O Nf4 17. Qf3 Bxg4 18. Qxg4 Qg5 19. Qf3 Nf8 20. Kh2 N8g6 21. Nf5
Nh4 22. Nxh4 Qxh4 23. Bb3 Ne6 24. g3 Qe7 25. Bd2 Rad8 26. Rad1 Rd6 27. Bc1 Red8
28. Rxd6 Rxd6 29. h4 Nc5 30. Bc2 Qd7 31. Be3 Bb6 32. Qh5 Qb5 33. Rb1 Nd3 34. a4
Qc6 35. Qf5 Bxe3 36. Qc8+ Kh7 37. Qf5+ Kg8 38. Qc8+ 1/2-1/2

[Event "AbuDhabiMaster"]
[Site "AbuDhabi"]
[Date "2005.??.??"]
[Round "8"]
[White "Ghaem Maghami, Ehsan"]
[Black "Mamedjarova, Zeinab"]
[Result "1/2-1/2"]
[WhiteElo "2603"]
[BlackElo "2262"]
[PlyCount "71"]
[EventDate "2005.??.??"]
[WhiteTeam "Iran"]
[BlackTeam "Azerbaijan"]
[WhiteTeamCountry "IRI"]
[BlackTeamCountry "AZE"]

1. c4 e5 2. Nf3 Nc6 3. Nc3 Nf6 4. e3 d5 5. cxd5 Nxd5 6. Qc2 Be7 7. a3 a6 8. b4
Nxc3 9. dxc3 O-O 10. e4 Be6 11. Be3 f6 12. Nd2 Qe8 13. Bc4 Qf7 14. Bxe6 Qxe6
15. Qb3 Qxb3 16. Nxb3 Rfd8 17. Ke2 Rd7 18. Rhd1 Rad8 19. Rxd7 Rxd7 20. a4 Nd8
21. g3 Kf7 22. f4 g6 23. f5 b6 24. g4 Nb7 25. Rb1 Rd8 26. h3 Rh8 27. Rd1 Nd6
28. Nd2 h5 29. Rg1 hxg4 30. hxg4 Rh3 31. Kf2 Bf8 32. Rg3 Rh1 33. Rg1 Rh3 34.
Rg3 Rh1 35. Rg1 Rh3 36. Rg3 1/2-1/2

[Event "AbuDhabiMaster"]
[Site "AbuDhabi"]
[Date "2005.??.??"]
[Round "8"]
[White "Kayumov, Sergey"]
[Black "Guseinov, Gadir"]
[Result "1-0"]
[WhiteElo "2405"]
[BlackElo "2585"]
[PlyCount "97"]
[EventDate "2005.??.??"]
[WhiteTeam "Uzbekistan"]
[BlackTeam "Azerbaijan"]
[WhiteTeamCountry "UZB"]
[BlackTeamCountry "AZE"]

1. e4 c5 2. Nf3 g6 3. d4 cxd4 4. Nxd4 Nf6 5. Nc3 d6 6. Be3 Bg7 7. f3 O-O 8. Bc4
Nc6 9. Bb3 Bd7 10. h4 Nxd4 11. Bxd4 b5 12. h5 a5 13. hxg6 hxg6 14. Nd5 a4 15.
Bb6 Qe8 16. Nxf6+ exf6 17. Qxd6 Qc8 18. Bd5 Ra6 19. Qh2 Re8 20. Bb7 Qc4 21.
Bxa6 a3 22. Be3 axb2 23. Rb1 g5 24. Qd6 Bc6 25. a4 f5 26. Bxb5 Bxb5 27. axb5
fxe4 28. Qc6 Qb4+ 29. Bd2 Qe7 30. fxe4 Qe5 31. O-O Qd4+ 32. Rf2 Re6 33. Qd5 Qa7
34. Qxg5 Rg6 35. Qd8+ Kh7 36. Qh4+ Kg8 37. c3 Be5 38. Qd8+ Kg7 39. b6 Qa2 40.
Rff1 Qe6 41. Qd3 Qe7 42. Bf4 Bf6 43. e5 Bh4 44. Rxb2 Qa3 45. Re2 Be7 46. b7
Qa7+ 47. Be3 Qxb7 48. Ref2 Kg8 49. e6 1-0

[Event "AbuDhabiMaster"]
[Site "AbuDhabi"]
[Date "2005.??.??"]
[Round "8"]
[White "Gleizerov, Evgeny"]
[Black "Ibrahimov, Rasul"]
[Result "1/2-1/2"]
[WhiteElo "2572"]
[BlackElo "2525"]
[PlyCount "35"]
[EventDate "2005.??.??"]
[WhiteTeam "Russia"]
[BlackTeam "Azerbaijan"]
[WhiteTeamCountry "RUS"]
[BlackTeamCountry "AZE"]

1. d4 Nf6 2. c4 e6 3. g3 d5 4. Nf3 Bb4+ 5. Bd2 Be7 6. Bg2 O-O 7. O-O c6 8. Qb3
Nbd7 9. Bf4 Nh5 10. Be3 Nhf6 11. Bf4 Nh5 12. Bc1 b6 13. Nc3 Bb7 14. Rd1 Nhf6
15. cxd5 cxd5 16. Bf4 a6 17. Rac1 Rc8 18. a4 1/2-1/2

[Event "AbuDhabiMaster"]
[Site "AbuDhabi"]
[Date "2005.??.??"]
[Round "8"]
[White "Raetsky, Alexander"]
[Black "Ganguly, Surya Shekhar"]
[Result "0-1"]
[WhiteElo "2453"]
[BlackElo "2596"]
[PlyCount "133"]
[EventDate "2005.??.??"]
[WhiteTeam "Russia"]
[BlackTeam "India"]
[WhiteTeamCountry "RUS"]
[BlackTeamCountry "IND"]

1. d4 Nf6 2. c4 g6 3. Nc3 d5 4. Nf3 Bg7 5. Bg5 Ne4 6. Bh4 Nxc3 7. bxc3 dxc4 8.
Qa4+ Qd7 9. Qxc4 b6 10. e3 Ba6 11. Qb3 Bxf1 12. Kxf1 O-O 13. Ke2 Nc6 14. Rhd1
Rfc8 15. Rac1 Na5 16. Qb4 c5 17. dxc5 Qe6 18. cxb6 axb6 19. Rc2 Nc6 20. Qb3
Qxb3 21. axb3 Nb4 22. Rcd2 Na2 23. Kf1 Nxc3 24. Rc1 Ne4 25. Rdc2 Rxc2 26. Rxc2
e6 27. Nd4 h6 28. f3 Nc5 29. Be7 Bxd4 30. exd4 Nxb3 31. Bf6 g5 32. Rb2 Na5 33.
Rxb6 Nc4 34. Rc6 Ne3+ 35. Kf2 Nd5 36. Be5 Ra2+ 37. Kg1 f6 38. Bb8 Kf7 39. g4
Ra4 40. Rc2 Rxd4 41. Ba7 Ra4 42. Bc5 Kg6 43. Rb2 Rc4 44. Bd6 e5 45. Ra2 h5 46.
gxh5+ Kxh5 47. Ra5 Rc1+ 48. Kf2 Rc2+ 49. Kg1 Nf4 50. Be7 Nh3+ 51. Kh1 Nf4 52.
Kg1 f5 53. Bd6 Nh3+ 54. Kf1 Rxh2 55. Bxe5 Rf2+ 56. Ke1 Rxf3 57. Bd4 Nf4 58. Bf6
Nh3 59. Ke2 Kg4 60. Ra4+ f4 61. Ra1 Re3+ 62. Kd2 Re6 63. Bd4 f3 64. Ra4 Re2+
65. Kc3 Kg3 66. Ra5 g4 67. Kc4 0-1

[Event "AbuDhabiMaster"]
[Site "AbuDhabi"]
[Date "2005.??.??"]
[Round "8"]
[White "Kotsur, Pavel"]
[Black "Pourkashiyan, Atousa"]
[Result "1-0"]
[WhiteElo "2595"]
[BlackElo "2261"]
[PlyCount "127"]
[EventDate "2005.??.??"]
[WhiteTeam "Kazakhstan"]
[BlackTeam "Iran"]
[WhiteTeamCountry "KAZ"]
[BlackTeamCountry "IRI"]

1. e4 e5 2. Nf3 Nf6 3. d4 Nxe4 4. Bd3 d5 5. Nxe5 Nd7 6. Nxd7 Bxd7 7. O-O Qh4 8.
c4 O-O-O 9. c5 g5 10. Nc3 Bg7 11. g3 Qh3 12. Nxe4 dxe4 13. Bxe4 Bb5 14. Bg2 Qf5
15. Be3 Bxf1 16. Bxf1 c6 17. Qa4 Kb8 18. Rd1 Rhe8 19. Rd3 Qe4 20. Ra3 a6 21.
Bd3 Qd5 22. Bxa6 Bxd4 23. Bxb7 Bxc5 24. Bxc6 Qd1+ 25. Kg2 Qxa4 26. Rxa4 Rxe3
27. fxe3 Rd2+ 28. Kf3 Rxb2 29. h3 h5 30. Be8 Rb6 31. Ra5 Rf6+ 32. Ke2 Ba7 33.
Rxg5 Re6 34. Bxf7 Rxe3+ 35. Kd2 h4 36. gxh4 Rxh3 37. Rb5+ Kc7 38. h5 Kd6 39. a4
Be3+ 40. Kc2 Ke7 41. Rf5 Bd4 42. Bd5 Rc3+ 43. Kd2 Ra3 44. Bc6 Bg7 45. Ke2 Bh6
46. a5 Ke6 47. Rb5 Re3+ 48. Kf2 Ra3 49. Bb7 Kf6 50. Rb6+ Kg7 51. Rg6+ Kh7 52.
Be4 Be3+ 53. Ke2 Kh8 54. a6 Bd4 55. Bd3 Bc5 56. Rc6 Ra2+ 57. Kf3 Bg1 58. Rh6+
Kg7 59. Rg6+ Kh8 60. Rxg1 Rf2+ 61. Ke3 Rf3+ 62. Kd4 Rf4+ 63. Be4 Rg4 64. Ra1
1-0

[Event "AbuDhabiMaster"]
[Site "AbuDhabi"]
[Date "2005.??.??"]
[Round "8"]
[White "Sale, Srdjan"]
[Black "Ulibin, Mikhail"]
[Result "0-1"]
[WhiteElo "2437"]
[BlackElo "2529"]
[PlyCount "60"]
[EventDate "2005.??.??"]
[WhiteTeam "Croatia"]
[BlackTeam "Russia"]
[WhiteTeamCountry "CRO"]
[BlackTeamCountry "RUS"]

1. e4 e6 2. d3 d5 3. Nd2 c5 4. Ngf3 Nc6 5. g3 g6 6. Bg2 Bg7 7. O-O Nge7 8. exd5
exd5 9. d4 cxd4 10. Nb3 Qb6 11. Bf4 O-O 12. Bd6 d3 13. c3 Bf5 14. Nh4 Be4 15.
Bc5 Qb5 16. f3 Bf5 17. Nxf5 Nxf5 18. Bxf8 Rxf8 19. Re1 a5 20. Rb1 a4 21. Nd2 a3
22. bxa3 Qc5+ 23. Kh1 Bxc3 24. Rc1 Qa5 25. Rxc3 Qxc3 26. f4 Qc2 27. Nb3 Qf2 28.
Bxd5 Ne3 29. Bg2 Nf5 30. Rf1 Qxg2+ 0-1

[Event "AbuDhabiMaster"]
[Site "AbuDhabi"]
[Date "2005.??.??"]
[Round "8.18"]
[White "Annaberdiev, Meilis"]
[Black "Tania, Sachdev"]
[Result "1/2-1/2"]
[WhiteElo "2409"]
[BlackElo "2343"]
[PlyCount "69"]
[EventDate "2005.??.??"]
[WhiteTeamCountry "UAE"]
[BlackTeamCountry "BAN"]

1. d4 Nf6 2. Nf3 e6 3. Bg5 Be7 4. Nbd2 d5 5. e3 O-O 6. Bd3 Nbd7 7. O-O c5 8. c3
b6 9. Ne5 Nxe5 10. dxe5 Nd7 11. Bxe7 Qxe7 12. f4 f5 13. exf6 Nxf6 14. Nf3 Bb7
15. Qe1 g6 16. Qh4 Qg7 17. Rad1 Rae8 18. Ne5 Nd7 19. Bb5 Nxe5 20. fxe5 Rxf1+
21. Rxf1 Rf8 22. Rf6 g5 23. Qg3 Bc8 24. Bd3 Bd7 25. Qf2 Rxf6 26. exf6 Qh6 27.
e4 dxe4 28. Bxe4 g4 29. g3 Kf7 30. Qe2 Kxf6 31. Qxg4 Qc1+ 32. Kg2 Qd2+ 33. Kg1
Qe1+ 34. Kg2 Qd2+ 35. Kg1 1/2-1/2

[Event "AbuDhabiMaster"]
[Site "AbuDhabi"]
[Date "2005.??.??"]
[Round "8.19"]
[White "Karavade, Eesha"]
[Black "Amanov, Mesgen"]
[Result "1-0"]
[WhiteElo "2370"]
[BlackElo "2277"]
[PlyCount "97"]
[EventDate "2005.??.??"]
[WhiteTeamCountry "UAE"]
[BlackTeamCountry "BAN"]

1. Nf3 Nf6 2. c4 e6 3. g3 d5 4. Bg2 Be7 5. O-O O-O 6. d4 dxc4 7. Qc2 a6 8. Qxc4
b5 9. Qc2 Bb7 10. Bf4 Nd5 11. Nbd2 Nd7 12. Nb3 c5 13. dxc5 Rc8 14. Rad1 Nxc5
15. e4 Nb4 16. Qe2 Qe8 17. Nxc5 Bxc5 18. Ne5 Nc6 19. Qg4 Nxe5 20. Bxe5 f6 21.
Bd6 Rf7 22. Bxc5 Rxc5 23. Rd6 Bc8 24. Rfd1 Rd7 25. Rxd7 Bxd7 26. e5 fxe5 27.
Qg5 h6 28. Qe3 Qc8 29. Be4 Rc4 30. Bd3 Rd4 31. Rc1 Qb8 32. Be4 Qd6 33. Rc2 a5
34. Kg2 b4 35. h4 a4 36. h5 b3 37. axb3 axb3 38. Rc3 Rb4 39. Qf3 Rb8 40. Rd3
Qc7 41. Rxb3 Rf8 42. Bh7+ Kxh7 43. Qxf8 Qc1 44. Rb8 Bc6+ 45. f3 Qc2+ 46. Kh3
Qf5+ 47. Qxf5+ exf5 48. Kg2 e4 49. fxe4 1-0

[Event "AbuDhabiMaster"]
[Site "AbuDhabi"]
[Date "2005.??.??"]
[Round "8.20"]
[White "Kurnosov, Igor"]
[Black "Al Tamimi, Hamad"]
[Result "1-0"]
[WhiteElo "2549"]
[BlackElo "2244"]
[PlyCount "114"]
[EventDate "2005.??.??"]
[WhiteTeamCountry "UAE"]
[BlackTeamCountry "BAN"]

1. e4 c6 2. d4 d5 3. e5 Bf5 4. Nf3 e6 5. Be2 Nd7 6. O-O Ne7 7. Nh4 Bg6 8. Nd2
Nf5 9. Nxg6 hxg6 10. Nf3 Be7 11. c3 Qb6 12. a4 a5 13. g3 c5 14. Bb5 cxd4 15.
cxd4 Rc8 16. Qb3 O-O 17. Bd2 Nb8 18. Bc3 Nc6 19. Qd1 Rc7 20. Qd2 Bb4 21. g4 Nh6
22. h3 Rfc8 23. Rfc1 Kh8 24. Kg2 Kg8 25. Rc2 Na7 26. Rac1 Nxb5 27. axb5 Qxb5
28. Bxb4 Rxc2 29. Rxc2 Rxc2 30. Qxc2 Qxb4 31. Qc8+ Qf8 32. Qxb7 Qd8 33. Qa6 Kf8
34. Nd2 Qg5 35. Qc8+ Ke7 36. Nf3 Qf4 37. Qc5+ Ke8 38. Qb5+ Ke7 39. Qxa5 Kd7 40.
Qc3 f5 41. Qa3 Nf7 42. Qa7+ Ke8 43. Qb6 Ke7 44. Qc7+ Ke8 45. Qb8+ Ke7 46. Qb4+
Ke8 47. Qa4+ Kd8 48. Qa3 Ke8 49. gxf5 gxf5 50. Qa4+ Ke7 51. Qa3+ Ke8 52. b4 g5
53. Qa8+ Ke7 54. Qg8 g4 55. hxg4 Qxg4+ 56. Qxg4 fxg4 57. Nh4 Nh6 1-0